00421nam a2200181Ia 4500008004100000020001400041050001400055100002000069245002900089245002000118260001500138260001600153260000900169300001600178300002700194300001000221500000800231170918s9999 xx 000 0 und d a316769487 bS165 1951 aSalinger, J. D. 4aThe catcher in the rye / cJ. D. Salinger. aNew York : bScholastic, c1951 a214 pages : bcolored illustration ; c17cm. a790